Fraidy cats / (Record no. 4874)

MARC details
000 -LEADER
fixed length control field 00943nam a22003017a 4500
001 - CONTROL NUMBER
control field 4874
003 - CONTROL NUMBER IDENTIFIER
control field FISKH
005 - DATE AND TIME OF LATEST TRANSACTION
control field 20250820090655.0
008 - FIXED-LENGTH DATA ELEMENTS--GENERAL INFORMATION
fixed length control field 241022b cb ||||| |||| 00| 0 eng d
020 ## - INTERNATIONAL STANDARD BOOK NUMBER
International Standard Book Number 9780590464383
040 ## - CATALOGING SOURCE
Original cataloging agency FISKH
Language of cataloging eng
Transcribing agency FISKH
Modifying agency FISKH
050 ## - LIBRARY OF CONGRESS CALL NUMBER
Classification number PZ8.K869
082 ## - DEWEY DECIMAL CLASSIFICATION NUMBER
Classification number 813
100 ## - MAIN ENTRY--PERSONAL NAME
Personal name Krensky, Stephen
Dates associated with a name (1953-)
245 ## - TITLE STATEMENT
Title Fraidy cats /
Statement of responsibility, etc. by Stephen Krensky Illustrated by Betsy Lewin
250 ## - EDITION STATEMENT
Edition statement First printing in 1993
260 ## - PUBLICATION, DISTRIBUTION, ETC.
Place of publication, distribution, etc. New York :
Name of publisher, distributor, etc. Scholastic,
Date of publication, distribution, etc. 1993.
300 ## - PHYSICAL DESCRIPTION
Extent 29 pages :
Other physical details color illustrations ;
Dimensions 23 cm
505 ## - FORMATTED CONTENTS NOTE
Formatted contents note J<br/>
520 ## - SUMMARY, ETC.
Summary, etc. One dark and noisy night the Fraidy Cats let their imaginations run wild, visualizing scary things from wild elephants to hungry wolves.
521 8# - TARGET AUDIENCE NOTE
Target audience note 480<br/><br/>
Source Lexile<br/>
521 8# - TARGET AUDIENCE NOTE
Target audience note J<br/>
Source Raz-Plus<br/>
650 ## - SUBJECT ADDED ENTRY--TOPICAL TERM
Source of heading or term Fiction
Topical term or geographic name entry element Halloween
650 ## - SUBJECT ADDED ENTRY--TOPICAL TERM
Source of heading or term Bedtime
Topical term or geographic name entry element Fear
700 ## - ADDED ENTRY--PERSONAL NAME
Personal name Lewin, Betsy
Dates associated with a name Illustrator
942 ## - ADDED ENTRY ELEMENTS (KOHA)
Source of classification or shelving scheme Dewey Decimal Classification
Koha item type Books
Suppress in OPAC No
Holdings
Withdrawn status Lost status Source of classification or shelving scheme Damaged status Not for loan Collection Home library Current library Shelving location Date acquired Total Checkouts Full call number Barcode Date last seen Copy number Price effective from Koha item type
    Dewey Decimal Classification     Juvenile Fiction Footprints International School Library Network Toul Kork Campus Footprints International School Library Network Toul Kork Campus TK Primary Library Room(4th Floor), Bookcase 1&2, Shelves 1-16, Dark Blue Books 10/22/2024   KRE 813 PZ8.K869 2024-2189 10/22/2024 1 10/22/2024 Books
    Dewey Decimal Classification     Juvenile Fiction Footprints International School Library Network Toul Tom Poung Campus Footprints International School Library Network Toul Tom Poung Campus TTP Primary Dark Blue Bookshelves 08/20/2025   KRE 813 PZ8.K869 FIS01684 08/20/2025 2 08/20/2025 Books